000 00884nam a2200229Ia 4500
005 20250108125059.0
008 008 250107s9999 xx 000 0 hin d
020 _a978-81-87770-77-0
037 _aTB
040 _aCRL
_bhin
_cCRL
041 _ahin
_2hin
084 _aL72 R1
084 _qCRL
100 _aतेलंग, भालचन्द्रराव, ले.
_9160935
245 0 _aहिंदुई बनाम दक्खिनी: भाषिक एवं सांज्ञकृतिक अध्ययन
_cतेलंग, भालचन्द्रराव, ले.
260 _aगाजियाबाद, भारत
_bके. एल. पचौरी प्रकाशन
_c3244
300 _a200पृ0
365 _aINR
_b695
650 _aभाषाशास्त्र
942 _cTB
_hL72 R1
999 _c1235632
_d1235632